000 01236nam a2200253Ia 4500
999 _c54935
_d54935
001 22006
003 GE_BSU
005 20220923160442.0
008 181216s ||||ge |||||||||||||| ||geo||
040 _cGE_BSU
041 _ageo
080 _a821.111-311.3 ჰ-14
100 _aჰაგარდი, ჰენრი რაიდერ
_914752
245 _aსოლომონ მეფის საგანძური :
_b[ინგლ. მწერლის რომანი] /
_cჰენრი რაიდერ ჰაგარდი ; თარგმნა ე. თვარაძემ ; რედ. შ. დარახველიძე.
264 _aთბილისი :
_bნაკადული,
_c1968.
300 _a271 გვ. ;
_c 21 სმ.
490 _aსათავგადასავლო ბიბლიოთეკა
_vN 21
541 _h4ლ.
653 _aმხატვრული ლიტერატურა
653 _aსოლომონ მეფის საგანძური
700 _aთვარაძე, ე.
_eმთარგმნელი
_914753
700 _aდარახველიძე, შ.
_eრედაქტორი
_914754
942 _cBK
_2udc